01289nam a2200373 a 450000100060000000300080000600500170001400600190003100700150005000800410006502000180010603500230012403500240014703500250017103500210019604000260021705000220024308200120026510000290027724501220030626000410042830000140046950000190048350400280050253301640053065000350069465000180072965000190074765000240076665500270079071000190081785600620083699900170089828418FlNmELB20241216220047.0m o d | cr cn|||||||||130827s2013 ag sb 001 0 spa d z9781449291297 a(MiAaPQ)EBC3213116 a(Au-PeEL)EBL3213116 a(CaPaEBR)ebr10732485 a(OCoLC)907513011 aFlNmELBbspacFlNmELB 4aQA39.2bP438 201304a5112231 aPérez Aguila, Ricardo.14aUna introducción a las matemáticas discretas y teoría de grafosh[recurso electronico]cRicardo Pérez Aguila. a[Santa Fe] :bEl Cid Editor,c[2013] ax, 300 p. aIncluye index. aIncluye bibliografía. aRecurso electrónico. Santa Fe, Arg.: e-libro, 2015. Disponible vía World Wide Web. El acceso puede estar limitado para las bibliotecas afiliadas a e-libro. 0aComputer sciencexMathematics. 0aGraph theory. 4aMatemáticas. 4aTeoría de grafos. 4aLibros electrónicos.2 ae-libro, Corp.40uhttps://elibro.net/ereader/politecnicointernacional/36562 c28418d28418